| 000 | 00815cam a2200277Ia 4500 | ||
|---|---|---|---|
| 001 | 55136872 | ||
| 003 | OCoLC | ||
| 005 | 20150408113723.0 | ||
| 008 | 040513s2004 caua 001 0 eng d | ||
| 015 | _aGBA3-T4480 | ||
| 020 | _a0072232277 | ||
| 037 |
_a1230456 _bQBI |
||
| 040 |
_aBLP _cBLP _dOCLCQ _dQBX |
||
| 092 | 0 |
_a005.57 _bOu8mm |
|
| 100 | 1 |
_aMatthews, Martin S. _94703 |
|
| 245 | 1 | 0 |
_aMicrosoft Office Outlook 2003 _bQuickSteps / _cMarty Matthews, Kellen Diamanti, Curt Simmons. |
| 260 |
_aNew York _bMcGraw-Hill/Osborne, _cc2004. |
||
| 300 |
_bcol. ill. ; _c21 x 26 cm. 0 _aQu |
||
| 440 | _aIn | ||
| 500 | _aMi | ||
| 650 |
_aMicrosoft Outlook. _94764 |
||
| 650 |
_aTime management. _94179 |
||
| 700 |
_aDiamanti, Kellen. _94765 |
||
| 700 |
_d1968-\\ _aSimmons, Curt _94766 |
||
| 942 |
_2ddc _cBOOK |
||
| 999 |
_c801 _d235301 |
||